Spain
| Other Authors: | Noble, John |
|---|---|
| Published: |
Australia:
Lonely Planet Publication,
1957.
|
| Subjects: |
| LEADER | 00549cam a2200181 7i4500 | ||
|---|---|---|---|
| 001 | 0000049339 | ||
| 005 | 20180314090000.0 | ||
| 020 | |a 9780864424747 (pbk.) | ||
| 020 | |a 0864424744 | ||
| 090 | 0 | 0 | |a DP14 |b .S63 1957 |
| 245 | 0 | 0 | |a Spain |c John Noble ... [et al.]. |
| 260 | |a Australia: |b Lonely Planet Publication, |c 1957. | ||
| 300 | |a 978 p.: |b col. ill., maps.; |c 18 cm. | ||
| 500 | |a Gift: Zainol Ahmad Resource Center | ||
| 500 | |a Includes index | ||
| 651 | 0 | |a Spain | |
| 700 | 1 | |a Noble, John | |
| 999 | |a 0000060090 |b BOK |c REFERENCE |e Ground Floor, Bestari Jaya | ||


